00422cam a22001332a 4500001000900000003001100009008004300020100002000063245010900083260002000192260001500212260001700227650004400244 000079 AR-FADEU 311216nOctu####xxu####################dd aNaciones Unidas aExamen de los informes presentados por los Estados partes de conformidad con el artículo 4º del Pacto bNaciones Unidas aNueva York cOctubre 1980 aDERECHOS HUMANOS-ARTICULO 4º DEL PACTO